000 00523nam a2200205 i 4500
001 bgj
245 1 0 _aRomanische Kirchen /
_cmit einem Vorwort von Georg Piltz.
260 _aDresden :
_bSachsen Verlag,
_c1956.
300 _a13, [51] s. :
_bil. ;
_c25 cm.
490 1 _aUnsere schoöne Heimat
650 9 _aSztuka
700 1 _aPILTZ, Albrecht.
830 _aUnsere schoöne Heimat
040 _cBPK
041 0 _ager
044 _aDEU
080 _a7
942 _cKS
008 s gw f |000 0 ger
999 _c50702
_d50702
856 _uhttp://koha.tu.koszalin.pl/cgi-bin/koha/opac-detail.pl?biblionumber=50702
_yKatalog online BPK